Los signos del hombre (Registro nro. 26883)
[ vista simple ]
| 000 -CABECERA | |
|---|---|
| Longitud fija campo de control | 01392nam a2200265Ia 4500 |
| 001 - NÚMERO DE CONTROL | |
| Número de control | 372357 |
| 003 - IDENTIFICADOR DEL NÚMERO DE CONTROL | |
| Identificador del número de control | EC-QuCCB |
| 005 - FECHA Y HORA DE LA ÚLTIMA TRANSACCIÓN | |
| Fecha y hora de la última transacción | 20241218094630.0 |
| 008 - DATOS DE LONGITUD FIJA--INFORMACIÓN GENERAL | |
| Códigos de información de longitud fija | 130917s1985 ec a| gr 001 0dspa d |
| 040 ## - FUENTE DE LA CATALOGACIÓN | |
| Centro catalogador de origen | EC-QuCCB |
| 082 ## - NÚMERO DE LA CLASIFICACIÓN DECIMAL DEWEY | |
| Número de clasificación | 709.866 |
| Número de documento | M774 |
| 100 1# - ENTRADA PRINCIPAL--NOMBRE DE PERSONA | |
| Nombre de persona | Monteforte Toledo, Mario, |
| Fechas asociadas con el nombre | 1911-2003 |
| 9 (RLIN) | 5247 |
| 245 14 - MENCIÓN DE TÍTULO | |
| Título | Los signos del hombre |
| Mención de responsabilidad, etc. | Mario Monteforte Toledo |
| 246 10 - FORMA VARIANTE DE TÍTULO | |
| Título propio ; Título en breve | Plástica y sociedad en el Ecuador |
| 250 ## - MENCIÓN DE EDICIÓN | |
| Mención de edición | Primera edición |
| 260 ## - PUBLICACIÓN, DISTRIBUCIÓN, ETC. (PIE DE IMPRENTA) | |
| Lugar de publicación, distribución, etc. | Cuenca, Ecuador : |
| Nombre del editor, distribuidor, etc. | PUCE. Sede Cuenca, |
| Fecha de publicación, distribución, etc. | 1985 |
| 300 ## - DESCRIPCIÓN FÍSICA | |
| Extensión | 464 páginas : |
| Otros detalles físicos | ilustraciones ; |
| Dimensiones | 31 cm |
| 336 ## - TIPO DE CONTENIDO | |
| Content type term | txt |
| 337 ## - TIPO DE MEDIO | |
| Media type term | n |
| 338 ## - TIPO DE PORTADOR | |
| Carrier type term | nc |
| 505 1# - NOTA DE CONTENIDO CON FORMATO | |
| Nota de contenido con formato preestablecido | 1. Las culturas originarias -- 1. El choque de las culturas madres -- 3. Las instituciones básicas -- 4. El arte en el siglo XVI. Tendencias en la Colonia -- 5. Siglo XVII. El esplendor colonial y el Barroco -- 6. Siglo XVIII. Ocaso de la Colonia -- 7. La República y el arte laico, 1830-1895 -- 8. Ascenso de la burguesía, 1896-1925 -- 9. Depresión, agitación, realismo social, 1926-1944 -- 10. La cuestión de las regiones -- 11. El período bananero y la "Revolución cultural", 1945-1960 -- 12. El período bananero, 1945-1970 -- 14. El período petrolero y el marco estético, 1971-1982 -- 15. La cultura cosmopolita y el arte de hoy |
| 650 #4 - PUNTO DE ACCESO ADICIONAL DE MATERIA--TÉRMINO DE MATERIA | |
| Nombre de materia o nombre geográfico como elemento de entrada | Arte ecuatoriano |
| 9 (RLIN) | 11021 |
| Subdivisión de materia general | Historia |
| 651 #4 - PUNTO DE ACCESO ADICIONAL DE MATERIA--NOMBRE GEOGRÁFICO | |
| 9 (RLIN) | 16977 |
| Nombre geográfico | Ecuador |
| Subdivisión de materia general | Historia |
| 942 ## - ELEMENTOS DE PUNTO DE ACCESO ADICIONAL (KOHA) | |
| Fuente de clasificaión o esquema | Dewey Decimal Classification |
| Koha [por defecto] tipo de item | Monografía |
| Suprimido | Perdido | Fuente de clasificación o esquema | Estropeado | Restricciones de uso | No se presta | Localización (Biblioteca) | Localización actual | Localización en estanterías | Fecha adquisición | Préstamos totales | Clasificación completa | Fecha última consulta | Número de ejemplar | Fecha del precio de reemplazo | Tipo de item de Koha | Fuente de adquisición | Designación de pieza (código de barras) |
|---|---|---|---|---|---|---|---|---|---|---|---|---|---|---|---|---|---|
| Disponible | Dewey Decimal Classification | Sin daños | Sin restricciones de uso | Disponible para préstamo | Biblioteca CCE - Cañar | Biblioteca CCE - Cañar | En Dep. | 31/05/2016 | 786 M774 | 31/05/2016 | Ej. 1 | 31/05/2016 | Monografía | ||||
| Disponible | Dewey Decimal Classification | Sin daños | Sin restricciones de uso | Disponible para préstamo | Biblioteca CCE - Cañar | Biblioteca CCE - Cañar | En Dep. | 28/11/2016 | 786 M774 | 28/11/2016 | Ej. 1 | 28/11/2016 | Monografía | ||||
| Disponible | Dewey Decimal Classification | Sin daños | Sin restricciones de uso | Disponible para préstamo | Biblioteca CCE - Tungurahua | Biblioteca CCE - Tungurahua | En Col. | 13/09/1985 | 786 M774 | 01/03/2017 | Ej.1 | 01/03/2017 | Monografía | Adquisición | CCETUN-007991 |























